| 000 | 01046nam2a22002531 4500 | ||
|---|---|---|---|
| 001 | rc\2165117 | ||
| 005 | 20260203170221.0 | ||
| 035 | _a(NLR Aleph) 006641412 | ||
| 090 |
_a7644634 _c7644634 |
||
| 100 | _a20110829d1978 u y0rusy50 ca | ||
| 101 | 0 | _arus | |
| 102 | _aRU | ||
| 105 | _ay z ||||| | ||
| 200 | 1 | _aМатериалы закрытых докладов и выступлений | |
| 210 | _d1978 | ||
| 215 | _a324 с. | ||
| 333 | _aДСП | ||
| 461 | 0 |
_1001rc\2165116 _12001#$aКитайская проблема. 70-е годы$eВ 2 вып.$vВып. 1 _1700#1$3RU\NLR\AUTH\770289524$aБорисов$bО. Б.$cисторик, междунар. отношения$gОлег Борисович _97644629 _aБорисов, О. Б. (историк, междунар. отношения) _cМосква _d1978 _nБ. и. _oВ 2 вып. _tКитайская проблема. 70-е годы _vВып. 1 |
|
| 801 | 0 |
_aRU _bNLR _gpsbo |
|
| 801 | 1 |
_aRU _bELAR _2rusmarc |
|
| 852 |
_aNLR _j79-50К/295 |
||
| 942 | _cBOOK | ||
| 980 | _aNB | ||